Movies Quiz

Random Movies or Nominee Quiz

Why Not Me - Ron Perlman Quiz Stats

 Plays Quiz not verified by Sporcle

Support Sporcle.
Go Orange.
Score 0/72 Timer 08:00
0 Plays Today
Film % Correct
Alien: ResurrectionSigourney Weaver
93.1%
DriveRyan Gosling
88.5%
Enemy at the GatesJude Law
85.1%
Fantastic Beasts and Where to Find ThemJohnny Depp
82.8%
Fantastic Beasts and Where to Find ThemEddie Redmayne
80.5%
The Island of Dr. MoreauMarlon Brando
72.4%
DriveAlbert Brooks
72.4%
A Place Among the DeadGary Oldman
72%
The Name of the RoseSean Connery
70.1%
Alien: ResurrectionWinona Ryder
70.1%
HellboyJohn Hurt
67.8%
Hellboy II: The Golden ArmyJohn Hurt
67.8%
OutlanderJohn Hurt
67.8%
Season of the WitchNicolas Cage
67.8%
DriveCarey Mulligan
67.8%
Romeo Is BleedingGary Oldman
65.5%
FlukeSamuel L. Jackson
64.4%
Enemy at the GatesEd Harris
63.2%
DriveBryan Cranston
60.9%
Titan A.E.Matt Damon
55.2%
Star Trek: NemesisTom Hardy
55.2%
Enemy at the GatesRachel Weisz
51.7%
Alien: ResurrectionBrad Dourif
46%
The Name of the RoseF. Murray Abraham
43.7%
Star Trek: NemesisWhoopi Goldberg
42.5%
Enemy at the GatesBob Hoskins
41.4%
Pacific RimRinko Kikuchi
40.2%
Fantastic Beasts and Where to Find ThemJon Voight
40.2%
The Spiderwick ChroniclesNick Nolte
39.1%
Romeo Is BleedingLena Olin
36.8%
Happy, TexasWilliam H. Macy
36.8%
BunrakuWoody Harrelson
34.5%
Conan the BarbarianMorgan Freeman
34.5%
Missing in AmericaDavid Strathairn
33.3%
The Spiderwick ChroniclesDavid Strathairn
33.3%
Fantastic Beasts and Where to Find ThemSamantha Morton
33.3%
Film % Correct
DriveRuss Tamblyn
32.2%
The Devil's TombCuba Gooding Jr.
29.9%
Percy Jackson: Sea of MonstersStanley Tucci
29.9%
Romeo Is BleedingJuliette Lewis
26.4%
The Spiderwick ChroniclesJoan Plowright
23%
SensationEric Roberts
21.8%
The King's GuardEric Roberts
21.8%
In the Name of the King: A Dungeon Siege TaleBurt Reynolds
21.8%
Romeo Is BleedingJames Cromwell
20.7%
Percy Jackson: Sea of MonstersOctavia Spencer
20.7%
PottersvilleMichael Shannon
20.7%
The ShaftNaomi Watts
19.5%
ChuckNaomi Watts
19.5%
Romeo Is BleedingRoy Scheider
18.4%
The Last SupperCharles Durning
18.4%
Looney Tunes: Back in ActionJoan Cusack
18.4%
Local ColorCharles Durning
18.4%
The Ice PiratesAnjelica Huston
17.2%
Spirit of the ForestAnjelica Huston
17.2%
Percy Jackson: Sea of MonstersShohreh Aghdashloo
17.2%
Mutant ChroniclesJohn Malkovich
14.9%
The Adventures of Huck FinnJason Robards
13.8%
Battle for TerraJames Garner
12.6%
The Legend of Secret PassGraham Greene
12.6%
The Name of the RoseWilliam Hickey
11.5%
The Ice PiratesMax von Sydow
10.3%
I Woke Up Early the Day I DiedKaren Black
10.3%
Local ColorArmin Mueller-Stahl
10.3%
Howard Lovecraft and the Frozen KingdomChristopher Plummer
10.3%
Howard Lovecraft & the Undersea KingdomChristopher Plummer
10.3%
Frogs for SnakesBarbara Hershey
6.9%
Hoodlum & SonRobert Vaughn
6.9%
Looney Tunes: Back in ActionKevin McCarthy
6.9%
Uncross the StarsBarbara Hershey
6.9%
AsherRichard Dreyfuss
6.9%
Local ColorDiana Scarwid
4.6%

You're not logged in!

Compare scores with friends on all Sporcle quizzes.
OR
Log In

From the Vault

Countries Larger Than Texas

by garth131

There is a movement afoot to add Texas as a country on Sporcle. Well, okay, it's only one guy, but he's been very persuasive.
Remove Ads.
Support Sporcle.
Get the best of Sporcle when you Go Orange. This ad-free experience offers more features, more stats, and more fun while also helping to support Sporcle. Thank you for becoming a member.

Show Comments

Extras

Top Quizzes Today


Score Distribution

Your Account Isn't Verified!

In order to create a playlist on Sporcle, you need to verify the email address you used during registration. Go to your Sporcle Settings to finish the process.

Report this User

Report this user for behavior that violates our Community Guidelines.

Details: